| 000 | 00689nam a2200253Ia 4500 | ||
|---|---|---|---|
| 003 | OSt | ||
| 005 | 20221005081820.0 | ||
| 006 | a|||||r|||| 00| 0 | ||
| 007 | ta | ||
| 008 | 221004b |||||||| |||| 00| 0 eng d | ||
| 020 | _a8170367034 | ||
| 024 | _a21146 | ||
| 037 | _cTextual | ||
| 040 |
_aCRL _cCRL _beng |
||
| 041 |
_2eng _aeng |
||
| 082 | _aY15:431:7.2, N8 | ||
| 100 |
_aChen Martha Alter Ed _925196 |
||
| 245 | 0 |
_aWidows in India _b Social neglect and public action |
|
| 260 |
_aNew Delhi _bSage India _c1997 |
||
| 300 |
_a456 p. _ccm. |
||
| 650 | _aSOCIOLOGY | ||
| 942 |
_hY15:431:7.2, N8 _cTEXL _2cc |
||
| 999 |
_c988325 _d988325 |
||